[Event "22nd EUR-ch (w)"]
[Site "Prague CZE"]
[Date "2022.08.29"]
[Round "9.59"]
[White "Shatil, Or"]
[Black "Hnatyshyn, Anastasiia"]
[Result "1/2-1/2"]
[WhiteElo "1842"]
[BlackElo "2061"]
[EventDate "2022.08.20"]
[PlyCount "62"]

1.e4 c5 2.Nf3 g6 3.d4 cxd4 4.Nxd4 Nc6 5.Nc3 Bg7 6.Be3 d6 7.Qd2 Nf6 8.f3 
O-O 9.O-O-O Bd7 10.g4 Qa5 11.Kb1 Rfc8 12.h4 h5 13.g5 Ne8 14.Nd5 Qxd2 15.
Rxd2 Kf8 16.f4 Bg4 17.Bh3 Nxd4 18.Bxd4 Rc4 19.Bxg7+ Nxg7 20.Bxg4 hxg4 21.
Re1 Rac8 22.b3 R4c5 23.Rg1 e6 24.Nf6 Ke7 25.Rxg4 Rc3 26.Rg1 b5 27.Rgd1 
R8c6 28.Rd3 R3c5 29.R1d2 b4 30.Re3 a5 31.Red3 Rb5 1/2-1/2

[Event "22nd EUR-ch (w)"]
[Site "Prague CZE"]
[Date "2022.08.29"]
[Round "9.60"]
[White "Soares, Sara Joana de Moura pe"]
[Black "Katter, Katharina"]
[Result "0-1"]
[WhiteElo "1648"]
[BlackElo "1960"]
[EventDate "2022.08.20"]
[PlyCount "62"]

1.d4 Nf6 2.c4 g6 3.Nc3 Bg7 4.e4 d6 5.Nf3 O-O 6.Be2 e5 7.O-O Nc6 8.d5 Ne7 
9.Ne1 Nd7 10.Be3 f5 11.f3 f4 12.Bf2 g5 13.Rc1 a6 14.b4 Rf6 15.c5 Rh6 16.
cxd6 cxd6 17.Kh1 Qe8 18.Bg1 Nf6 19.h3 Qh5 20.Bh2 Qh4 21.Rg1 Nh5 22.Bf1 
Ng3+ 23.Bxg3 fxg3 24.Ne2 Ng6 25.Nd3 Nf4 26.Ndxf4 exf4 27.Qd2 Qh5 28.Rc7 
Bxh3 29.gxh3 Qxf3+ 30.Rg2 Qxf1+ 31.Ng1 Rxh3+ 0-1

[Event "22nd EUR-ch (w)"]
[Site "Prague CZE"]
[Date "2022.08.29"]
[Round "9.61"]
[White "Kochavi, Dana"]
[Black "Trasakova, Adela"]
[Result "0-1"]
[WhiteElo "1894"]
[BlackElo "1862"]
[EventDate "2022.08.20"]
[PlyCount "66"]

1.e4 c6 2.Nc3 d5 3.Nf3 Bg4 4.h3 Bxf3 5.Qxf3 Nf6 6.Be2 e6 7.O-O Be7 8.e5 
Nfd7 9.Qg3 O-O 10.d4 Kh8 11.Nd1 c5 12.c3 Nc6 13.Be3 Qb6 14.Qg4 Rac8 15.a3 
cxd4 16.cxd4 Na5 17.b4 Nc4 18.Bxc4 Rxc4 19.Nb2 Rc6 20.Na4 Qa6 21.Nc5 Bxc5 
22.bxc5 b6 23.cxb6 Nxb6 24.h4 Nc4 25.Bg5 h6 26.Qh5 Kh7 27.Be7 g6 28.Qf3 
Rg8 29.Qxf7+ Rg7 30.Qf8 Rc8 31.Qf6 Rc7 32.Bf8 Rgf7 33.Qd8 Rc8 0-1

[Event "22nd EUR-ch (w)"]
[Site "Prague CZE"]
[Date "2022.08.30"]
[Round "10.1"]
[White "Mammadova, Gulnar"]
[Black "Socko, Monika"]
[Result "1/2-1/2"]
[WhiteElo "2380"]
[BlackElo "2423"]
[EventDate "2022.08.20"]
[PlyCount "84"]

1.e4 e6 2.d4 d5 3.Nc3 Nf6 4.e5 Nfd7 5.Nce2 c5 6.c3 Nc6 7.Nf3 a5 8.a3 a4 9.
h4 c4 10.Nf4 Nb6 11.Nh5 Bd7 12.Rh3 Ne7 13.Bg5 Qc7 14.Bxe7 Kxe7 15.Qd2 Be8 
16.Qg5+ Kd7 17.Nxg7 h6 18.Qf6 Rh7 19.Rg3 Be7 20.Qf4 Kc6 21.Nd2 Kb5 22.Be2 
Qd8 23.Nf3 Nd7 24.Bd1 Bf8 25.Nxe8 Qxe8 26.Bc2 Rg7 27.Rxg7 Bxg7 28.g4 Ra6 
29.g5 Qf8 30.gxh6 Bxh6 31.Ng5 f6 32.exf6 Nxf6 33.Qc7 Rb6 34.Bxa4+ Ka6 35.
O-O-O Ne4 36.Bc2 Nxg5 37.hxg5 Bxg5+ 38.Kb1 Bf4 39.Qd7 Qxa3 40.Qa4+ Qxa4 
41.Bxa4 Rd6 42.Be8 Kb6 1/2-1/2

[Event "22nd EUR-ch (w)"]
[Site "Prague CZE"]
[Date "2022.08.30"]
[Round "10.2"]
[White "Danielian, Elina"]
[Black "Mammadzada, Gunay"]
[Result "1/2-1/2"]
[WhiteElo "2441"]
[BlackElo "2466"]
[EventDate "2022.08.20"]
[PlyCount "95"]

1.d4 d5 2.Nf3 Nf6 3.c4 c6 4.Nc3 dxc4 5.a4 e6 6.e3 c5 7.Bxc4 cxd4 8.exd4 
Be7 9.O-O O-O 10.Qe2 Nc6 11.Rd1 Nb4 12.Bg5 h6 13.Bxf6 Bxf6 14.Ne4 b6 15.a5
bxa5 16.Ne5 Bb7 17.Nxf6+ Qxf6 18.Rxa5 Nd5 19.Bxd5 Bxd5 20.Ng4 Qg6 21.Ne3 
Bb7 22.h4 f5 23.h5 Qe8 24.Nc4 Bd5 25.Ne3 Be4 26.Re5 Qf7 27.Re1 Rad8 28.f3 
Bb7 29.Qc4 f4 30.Ng4 Bd5 31.Qa4 Rb8 32.b4 Rfc8 33.Ra1 Qe7 34.b5 Rc4 35.Qa5
Rxd4 36.Rc1 Rd3 37.Ree1 Rf8 38.Ne5 Ra3 39.Qd2 Ra2 40.Rc2 Rxc2 41.Qxc2 Qb4 
42.Qf2 Rc8 43.Ng6 Qc5 44.Qxc5 Rxc5 45.Ra1 Rxb5 46.Rxa7 Bb7 47.Nxf4 Kf7 48.
Kf2 1/2-1/2

[Event "22nd EUR-ch (w)"]
[Site "Prague CZE"]
[Date "2022.08.30"]
[Round "10.3"]
[White "Gaponenko, Inna"]
[Black "Fataliyeva, Ulviyya"]
[Result "1/2-1/2"]
[WhiteElo "2339"]
[BlackElo "2413"]
[EventDate "2022.08.20"]
[PlyCount "180"]

1.e4 e6 2.d4 d5 3.Nc3 Bb4 4.Ne2 Nc6 5.a3 Bxc3+ 6.Nxc3 dxe4 7.d5 exd5 8.
Qxd5 Be6 9.Qxe4 Nf6 10.Qh4 Bf5 11.Bb5 O-O 12.Bxc6 bxc6 13.O-O Bxc2 14.Bg5 
Re8 15.Rac1 Bb3 16.Rfe1 Rxe1+ 17.Rxe1 h6 18.Bxf6 Qxf6 19.Qxf6 gxf6 20.Ne4 
f5 21.Nc5 Bc4 22.Rc1 Rd8 23.f3 Rd4 24.Kf2 Bd5 25.Ke3 Rh4 26.h3 Kf8 27.Rc2 
Rc4 28.Rxc4 Bxc4 29.b3 Be6 30.Kd4 Ke7 31.Ke5 f6+ 32.Kd4 Bd5 33.b4 Ba2 34.
h4 Bb1 35.f4 Kf7 36.g3 Ke7 37.Ke3 Bc2 38.Kd4 Bd1 39.Nb7 Be2 40.Kc5 Kd7 41.
Na5 Bf3 42.Nb3 Bd5 43.Nd4 Be4 44.h5 a6 45.a4 Bd3 46.Nxc6 Be2 47.a5 Bd3 48.
Nd4 Be4 49.b5 axb5 50.Nxb5 Kc8 51.Nc3 Bf3 52.Nd5 Bxh5 53.Nxf6 Be2 54.Nd5 
Kb7 55.Ne7 Bg4 56.Ng8 h5 57.Nh6 Bh3 58.Nf7 Ka6 59.Kc6 Kxa5 60.Kxc7 Kb4 61.
Kd6 Kc4 62.Ke5 Kd3 63.Kf6 Ke3 64.Kg5 Bg4 65.Nd6 Kf3 66.Kh4 Kg2 67.Ne8 Bd1 
68.Ng7 Bc2 69.Nxh5 Bb1 70.Ng7 Bd3 71.Ne6 Be4 72.Nd4 Bd3 73.g4 fxg4 74.Kxg4
Kf2 75.Ne6 Ke3 76.Kg5 Bb1 77.Nc5 Bc2 78.Nd7 Bb1 79.Nf6 Bc2 80.Nd5+ Kf3 81.
Nb4 Be4 82.Na6 Bb1 83.Nc7 Bd3 84.Ne6 Ke3 85.Ng7 Bb1 86.Nh5 Bc2 87.Ng3 Bb1 
88.Nf5+ Kf3 89.Nd4+ Ke3 90.Ne6 Bd3 1/2-1/2

[Event "22nd EUR-ch (w)"]
[Site "Prague CZE"]
[Date "2022.08.30"]
[Round "10.4"]
[White "Gevorgian, Maria"]
[Black "Mkrtchian, Lilit"]
[Result "0-1"]
[WhiteElo "2216"]
[BlackElo "2362"]
[EventDate "2022.08.20"]
[PlyCount "68"]

1.c4 e6 2.Nf3 Nf6 3.g3 a6 4.Bg2 b5 5.Nd4 c6 6.cxb5 axb5 7.Nxb5 cxb5 8.Bxa8
d5 9.Qc2 Bd7 10.a4 Qa5 11.Bb7 b4 12.O-O Bd6 13.d3 Qa7 14.Bc8 Bc6 15.a5 Ke7
16.a6 Rxc8 17.Be3 d4 18.Bxd4 Qxd4 19.a7 Nbd7 20.Qxc6 Rxc6 21.a8=Q Rc2 22.
Qh8 Rxe2 23.Ra8 Bc7 24.Nc3 bxc3 25.bxc3 Qxd3 26.c4 Qxc4 27.Rc8 g6 28.Qg7 
Qc5 29.Qh6 Ne4 30.Qc1 Qxc1 31.Rxc1 Bb6 32.R1c2 Bxf2+ 33.Kg2 Rxc2 34.Rxc2 
h5 0-1

[Event "22nd EUR-ch (w)"]
[Site "Prague CZE"]
[Date "2022.08.30"]
[Round "10.5"]
[White "Narva, Mai"]
[Black "Malcewska, Aleksandra"]
[Result "0-1"]
[WhiteElo "2405"]
[BlackElo "2360"]
[EventDate "2022.08.20"]
[PlyCount "108"]

1.e4 e5 2.Nf3 Nc6 3.Nc3 Nf6 4.Bb5 Nd4 5.O-O c6 6.Bc4 b5 7.Bb3 Nxb3 8.axb3 
d6 9.d4 Qc7 10.b4 h6 11.h3 Be7 12.Be3 O-O 13.Qe2 Re8 14.d5 a6 15.Rfd1 cxd5
16.exd5 Bb7 17.Nh4 Qd7 18.Nf3 Rac8 19.Ra3 Bf8 20.Nh2 Rc4 21.Rb3 g6 22.Nf1 
Bg7 23.Ng3 Rd4 24.Qf3 Rxd1+ 25.Qxd1 Rc8 26.Nf1 Ne8 27.f3 f5 28.Bf2 Nf6 29.
Ne3 Qf7 30.Bh4 Nd7 31.Qd3 e4 32.fxe4 Ne5 33.Qe2 f4 34.Ng4 g5 35.Bf2 Rc4 
36.Nxe5 Bxe5 37.Qd3 h5 38.Ne2 g4 39.hxg4 hxg4 40.g3 f3 41.Nd4 Qh5 42.Nf5 
Bc8 43.Nh4 Qh6 44.Be3 Qh7 45.Bf2 Kf7 46.Qe3 Rxc2 47.Rc3 Bxc3 48.bxc3 Qg7 
49.Qa7+ Kg8 50.Qb6 Qxc3 51.Ng6 Kf7 52.e5 Kxg6 53.Qxd6+ Kh5 54.Qb6 Qa1+ 0-1

[Event "22nd EUR-ch (w)"]
[Site "Prague CZE"]
[Date "2022.08.30"]
[Round "10.6"]
[White "Ushenina, Anna"]
[Black "Kiolbasa, Oliwia"]
[Result "1-0"]
[WhiteElo "2423"]
[BlackElo "2383"]
[EventDate "2022.08.20"]
[PlyCount "69"]

1.d4 d5 2.c4 e6 3.Nc3 h6 4.Nf3 Nf6 5.Bf4 Bd6 6.Bxd6 Qxd6 7.e3 O-O 8.Rc1 b6
9.cxd5 Nxd5 10.Bd3 Bb7 11.O-O Rc8 12.Ne4 Qe7 13.a3 Nd7 14.Qe2 a6 15.Ne5 
N7f6 16.Nc6 Qd7 17.Qc2 Ng4 18.h3 Ngxe3 19.fxe3 Nxe3 20.Qf2 Nxf1 21.Ne5 Qe7
22.Rxf1 Rd8 23.Ng3 f6 24.Ng4 Qd6 25.d5 Bxd5 26.Nxf6+ gxf6 27.Qxf6 Qf8 28.
Qh4 Qc5+ 29.Kh2 Qe3 30.Rf6 Rd7 31.Rg6+ Rg7 32.Rxg7+ Kxg7 33.Qe7+ Kg8 34.
Bh7+ Kh8 35.Bg6 1-0

[Event "22nd EUR-ch (w)"]
[Site "Prague CZE"]
[Date "2022.08.30"]
[Round "10.7"]
[White "Salimova, Nurgyul"]
[Black "Sargsian, Anna M."]
[Result "1/2-1/2"]
[WhiteElo "2404"]
[BlackElo "2378"]
[EventDate "2022.08.20"]
[PlyCount "73"]

1.d4 d5 2.c4 c6 3.Nc3 Nf6 4.cxd5 cxd5 5.Bf4 Nc6 6.e3 Bf5 7.Qb3 Na5 8.Qa4+ 
Bd7 9.Qd1 e6 10.Bd3 Rc8 11.Nf3 Bb4 12.O-O O-O 13.Rc1 Nc4 14.Qe2 a6 15.Bg5 
Be7 16.Ne5 b5 17.f4 Nd6 18.Bxf6 Bxf6 19.a3 Nc4 20.e4 Bxe5 21.fxe5 Qb6 22.
Qf2 f6 23.Bxc4 dxc4 24.exf6 Rxf6 25.Qe3 Rcf8 26.Rxf6 Rxf6 27.e5 Rf5 28.Rf1
Rxf1+ 29.Kxf1 a5 30.Ne4 b4 31.axb4 axb4 32.Qg5 c3 33.Nf6+ Kh8 34.Nxd7 Qb5+
35.Ke1 Qxd7 36.bxc3 bxc3 37.Qe3 1/2-1/2

[Event "22nd EUR-ch (w)"]
[Site "Prague CZE"]
[Date "2022.08.30"]
[Round "10.8"]
[White "Bulmaga, Irina"]
[Black "Balajayeva, Khanim"]
[Result "1-0"]
[WhiteElo "2403"]
[BlackElo "2344"]
[EventDate "2022.08.20"]
[PlyCount "59"]

1.e4 e5 2.Nf3 Nc6 3.Bc4 Nf6 4.d4 exd4 5.e5 d5 6.Bb5 Nd7 7.O-O Be7 8.Bxc6 
bxc6 9.Nxd4 Nb8 10.Qf3 O-O 11.Nc3 Qd7 12.h3 Re8 13.Bf4 Bf8 14.Rfe1 Na6 15.
Rad1 Rb8 16.b3 Nc5 17.Qg3 Ne6 18.Ne4 Kh8 19.Bg5 Nxg5 20.Nxg5 c5 21.e6 fxe6
22.Ndxe6 Bd6 23.Qd3 g6 24.Nxc5 Rxe1+ 25.Rxe1 Bxc5 26.Qc3+ Kg8 27.Qxc5 h6 
28.Re7 Qd6 29.Re8+ Kg7 30.Qd4+ 1-0

[Event "22nd EUR-ch (w)"]
[Site "Prague CZE"]
[Date "2022.08.30"]
[Round "10.9"]
[White "Milliet, Sophie"]
[Black "Beydullayeva, Govhar"]
[Result "1/2-1/2"]
[WhiteElo "2391"]
[BlackElo "2339"]
[EventDate "2022.08.20"]
[PlyCount "64"]

1.e4 c5 2.Nf3 d6 3.d4 cxd4 4.Nxd4 Nf6 5.Nc3 a6 6.h3 e6 7.g4 h6 8.a3 d5 9.
exd5 Nxd5 10.Nde2 Nc6 11.Bg2 Nb6 12.Qxd8+ Nxd8 13.b3 Bc5 14.Ne4 Be7 15.Bb2
f5 16.Bxg7 Rh7 17.Bd4 Nd7 18.Nd2 Nc6 19.Bb2 Nde5 20.O-O-O Bd7 21.f4 Ng6 
22.gxf5 exf5 23.Nc4 O-O-O 24.Nb6+ Kc7 25.Nxd7 Rxd7 26.Rxd7+ Kxd7 27.Rd1+ 
Kc7 28.Bxc6 bxc6 29.Nd4 Nxf4 30.Nxf5 Nxh3 31.Kb1 h5 32.Be5+ Kc8 1/2-1/2

[Event "22nd EUR-ch (w)"]
[Site "Prague CZE"]
[Date "2022.08.30"]
[Round "10.10"]
[White "Tsolakidou, Stavroula"]
[Black "Roebers, Eline"]
[Result "0-1"]
[WhiteElo "2388"]
[BlackElo "2324"]
[EventDate "2022.08.20"]
[PlyCount "84"]

1.e4 c5 2.Nf3 d6 3.d4 cxd4 4.Nxd4 Nf6 5.Nc3 a6 6.Qd3 g6 7.Bg5 Nbd7 8.O-O-O
Bg7 9.f4 Qc7 10.Be2 O-O 11.h4 h6 12.Bxf6 Nxf6 13.f5 e5 14.Nb3 d5 15.g4 d4 
16.Nd5 Nxd5 17.exd5 Bd7 18.Qe4 a5 19.Nd2 a4 20.a3 b5 21.Rdf1 b4 22.f6 bxa3
23.bxa3 Rfb8 24.Bd3 Qc3 25.Kd1 h5 26.Rhg1 Bh6 27.Nc4 Bxg4+ 28.Rxg4 hxg4 
29.h5 Rc8 30.Ke2 Rxc4 31.Rd1 Ra6 32.hxg6 Rxf6 33.gxf7+ Rxf7 34.Qg6+ Bg7 
35.Rh1 e4 36.Qxe4 Rc8 37.Rh7 Qc7 38.Rxg7+ Rxg7 39.Qe6+ Kf8 40.Qf5+ Rf7 41.
Qh5 Re8+ 42.Kd1 Qe5 0-1

[Event "22nd EUR-ch (w)"]
[Site "Prague CZE"]
[Date "2022.08.30"]
[Round "10.11"]
[White "Dzagnidze, Nana"]
[Black "Babiy, Olga"]
[Result "1-0"]
[WhiteElo "2531"]
[BlackElo "2296"]
[EventDate "2022.08.20"]
[PlyCount "85"]

1.e4 c5 2.Nf3 e6 3.c3 Nf6 4.e5 Nd5 5.d4 cxd4 6.cxd4 d6 7.Bc4 Be7 8.O-O O-O
9.Qe2 b6 10.Nbd2 a5 11.Ne4 dxe5 12.dxe5 h6 13.Rd1 Ba6 14.b3 Qc7 15.Bb2 Rd8
16.g3 b5 17.Bxd5 Rxd5 18.Rxd5 exd5 19.Rc1 Nc6 20.Nf6+ Bxf6 21.exf6 Qd6 22.
fxg7 d4 23.Qe4 Bb7 24.Nxd4 Nxd4 25.Qxb7 Rd8 26.Kg2 Rd7 27.Qa8+ Rd8 28.Rc8 
Ne6 29.Rxd8+ Nxd8 30.Qxa5 Qc6+ 31.Kg1 Ne6 32.Qd2 Qe4 33.h4 Kh7 34.Qc3 Qg4 
35.Qd3+ f5 36.Qxb5 Qd1+ 37.Qf1 Qc2 38.Qc1 Qe4 39.Qe3 Qb1+ 40.Qc1 Qe4 41.
Qc3 f4 42.Qe5 Qb1+ 43.Kg2 1-0

[Event "22nd EUR-ch (w)"]
[Site "Prague CZE"]
[Date "2022.08.30"]
[Round "10.12"]
[White "Javakhishvili, Lela"]
[Black "Antova, Gabriela"]
[Result "1-0"]
[WhiteElo "2476"]
[BlackElo "2269"]
[EventDate "2022.08.20"]
[PlyCount "87"]

1.d4 d5 2.c4 c6 3.Nf3 Nf6 4.g3 dxc4 5.Bg2 g6 6.O-O Bg7 7.a4 Ne4 8.Nc3 Nxc3
9.bxc3 O-O 10.a5 c5 11.Qa4 cxd4 12.Nxd4 e5 13.Nc2 Qc7 14.Nb4 Be6 15.a6 
Nxa6 16.Nxa6 bxa6 17.Bxa8 Rxa8 18.Qxa6 Bc8 19.Qa5 Qc6 20.Rd1 Bb7 21.Rd8+ 
Rxd8 22.Qxd8+ Bf8 23.f3 Qb6+ 24.Qxb6 axb6 25.Be3 b5 26.Ra7 Bd5 27.Rd7 Bc6 
28.Rc7 Bd5 29.Bc5 Kg7 30.Bxf8+ Kxf8 31.Rc5 Be6 32.Rxb5 f6 33.Rb6 Ke7 34.
Rb7+ Bd7 35.Rc7 Kd6 36.Rxc4 Bb5 37.Rh4 Bxe2 38.Kf2 Bd3 39.Rxh7 g5 40.Rh8 
Ke6 41.Ke3 Bc2 42.h4 gxh4 43.gxh4 f5 44.f4 1-0

[Event "22nd EUR-ch (w)"]
[Site "Prague CZE"]
[Date "2022.08.30"]
[Round "10.13"]
[White "Dolzhykova, Kateryna"]
[Black "Injac, Teodora"]
[Result "0-1"]
[WhiteElo "2139"]
[BlackElo "2389"]
[EventDate "2022.08.20"]
[PlyCount "102"]

1.e4 c5 2.Nf3 d6 3.d4 cxd4 4.Nxd4 Nf6 5.Nc3 a6 6.Rg1 h5 7.Bg5 e6 8.Qd2 Be7
9.O-O-O b5 10.Bd3 Bd7 11.f4 Nc6 12.Nxc6 Bxc6 13.e5 dxe5 14.fxe5 Nd7 15.
Bxe7 Qxe7 16.Qf4 g5 17.Qe3 Qc5 18.Qxg5 Qxe5 19.Qh4 Rg8 20.Kb1 Rg4 21.Qf2 
Rf4 22.Qd2 b4 23.g3 Rd4 24.Ne2 Rd6 25.Nf4 Qa5 26.Qe2 Ne5 27.Qxh5 Bf3 28.
Qh4 Bxd1 29.Qh8+ Ke7 30.Qxa8 Bf3 31.Qg8 Nxd3 32.Nxd3 Be4 33.Rf1 Bg6 34.Nf4
Bf5 35.g4 Be4 36.Nd3 Bg6 37.Nf4 Be4 38.Qg7 Qb5 39.Nd3 Rxd3 40.Qxf7+ Kd6 
41.Qf8+ Kc7 42.g5 Rd2 43.Rc1 Kb6 44.Qb8+ Ka5 45.Qc7+ Ka4 46.h4 Rxc2 47.
Qxc2+ Bxc2+ 48.Rxc2 Qf5 49.Kc1 Qf4+ 50.Kb1 Qxh4 51.Rc5 Qe4+ 0-1

[Event "22nd EUR-ch (w)"]
[Site "Prague CZE"]
[Date "2022.08.30"]
[Round "10.14"]
[White "Unuk, Laura"]
[Black "Mkrtchian, Mariam"]
[Result "0-1"]
[WhiteElo "2350"]
[BlackElo "2285"]
[EventDate "2022.08.20"]
[PlyCount "74"]

1.e4 e5 2.Nf3 Nc6 3.Bb5 a6 4.Ba4 Nf6 5.d3 b5 6.Bb3 Bc5 7.a4 Rb8 8.O-O d6 
9.h3 O-O 10.Nc3 h6 11.Nd5 Be6 12.c3 Bxd5 13.exd5 Ne7 14.axb5 axb5 15.d4 
exd4 16.Nxd4 Qd7 17.Qd3 Rfe8 18.Rd1 Nexd5 19.Bxh6 gxh6 20.Nf5 Kf8 21.Bxd5 
Re5 22.Nxh6 Rxd5 23.Qf3 Rxd1+ 24.Rxd1 Qe6 25.Nf5 Qe4 26.Qxe4 Nxe4 27.Nd4 
b4 28.c4 Ra8 29.f3 Bxd4+ 30.Rxd4 Nc5 31.h4 Ra2 32.h5 Kg7 33.g4 Rxb2 34.g5 
Ne6 35.Rd5 b3 36.h6+ Kg6 37.Rf5 Ra2 0-1

[Event "22nd EUR-ch (w)"]
[Site "Prague CZE"]
[Date "2022.08.30"]
[Round "10.15"]
[White "Brunello, Marina"]
[Black "Urh, Zala"]
[Result "1-0"]
[WhiteElo "2341"]
[BlackElo "2262"]
[EventDate "2022.08.20"]
[PlyCount "119"]

1.e4 c5 2.Nf3 Nc6 3.d4 cxd4 4.Nxd4 Nf6 5.Nc3 e5 6.Ndb5 d6 7.Bg5 a6 8.Na3 
b5 9.Nd5 Be7 10.Bxf6 Bxf6 11.c4 b4 12.Nc2 O-O 13.g3 Bg5 14.Bg2 a5 15.O-O 
Be6 16.f4 exf4 17.gxf4 Bh6 18.Kh1 Rc8 19.b3 Ne7 20.Nde3 Qb6 21.Qd3 Ng6 22.
f5 Ne5 23.Qe2 Bd7 24.Nd5 Qd8 25.f6 Kh8 26.Qh5 Bg4 27.Qh4 Be6 28.Nd4 Rc5 
29.Nf5 Rg8 30.Rad1 Ng6 31.Qh5 Qf8 32.Rd3 Bxf5 33.exf5 Rxd5 34.Bxd5 Nf4 35.
Rxf4 Bxf4 36.Bxf7 Qa8+ 37.Bd5 Qe8 38.Qg4 g5 39.Bxg8 Kxg8 40.Qf3 Qe1+ 41.
Kg2 Kf7 42.Qd5+ Kxf6 43.Qe6+ Qxe6 44.fxe6 Kxe6 45.Rd5 h6 46.Rxa5 Be3 47.a4
bxa3 48.Rxa3 Bc5 49.Ra8 h5 50.Rh8 h4 51.Re8+ Kd7 52.Rg8 Be3 53.Kf3 Bd2 54.
h3 Kc6 55.Ke4 Kc5 56.Rb8 Bf4 57.Rb5+ Kc6 58.Rd5 Be5 59.Kf5 Bf4 60.Ke6 1-0

[Event "22nd EUR-ch (w)"]
[Site "Prague CZE"]
[Date "2022.08.30"]
[Round "10.16"]
[White "Rapport, Jovana"]
[Black "Rodshtein, Tereza"]
[Result "1/2-1/2"]
[WhiteElo "2294"]
[BlackElo "2154"]
[EventDate "2022.08.20"]
[PlyCount "150"]

1.e4 e5 2.Nf3 Nc6 3.d4 exd4 4.Nxd4 Nf6 5.Nxc6 bxc6 6.e5 Qe7 7.Qe2 Nd5 8.g3
a5 9.c4 Ba6 10.b3 g6 11.Bg2 Bg7 12.Bb2 O-O 13.O-O Rfe8 14.Re1 f6 15.Qd2 
Nb6 16.e6 Qd6 17.exd7 Nxd7 18.Rd1 Bb7 19.Qxd6 cxd6 20.Nc3 Re6 21.Ba3 f5 
22.Rac1 Nc5 23.Bf3 Rae8 24.Kg2 Be5 25.Rc2 Kg7 26.h4 h6 27.Ne2 Ne4 28.c5 d5
29.Bc1 Ba6 30.Nd4 Rf6 31.Bb2 Kf7 32.Bc1 Kg7 33.Bf4 Bxd4 34.Rxd4 g5 35.Bc7 
g4 36.Bd1 Rfe6 37.Bxa5 h5 38.a4 Rb8 39.Bb4 Re7 40.Rc1 Reb7 41.Ba3 Rxb3 42.
Bxb3 Rxb3 43.Bb4 f4 44.gxf4 Be2 45.Re1 Bf3+ 46.Kg1 Kg6 47.a5 Rb2 48.Rdxe4 
Bxe4 49.Bc3 Rb3 50.Re3 Kf5 51.Bd2 Rb2 52.Bc1 Rc2 53.Re1 Ra2 54.Be3 Rxa5 
55.Rc1 Ra3 56.Kf1 g3 57.Ke2 Ra2+ 58.Bd2 gxf2 59.Rf1 Rc2 60.Rxf2 Rxc5 61.
Rf1 Rc2 62.Rg1 c5 63.Rg5+ Kf6 64.Ke3 Bf5 65.Ba5 d4+ 66.Kf3 Bg4+ 67.Ke4 
Re2+ 68.Kd3 Re3+ 69.Kc4 Be2+ 70.Kxc5 d3 71.Bc3+ Kf7 72.Rf5+ Ke6 73.Re5+ 
Rxe5+ 74.fxe5 d2 75.Bxd2 Kxe5 1/2-1/2

[Event "22nd EUR-ch (w)"]
[Site "Prague CZE"]
[Date "2022.08.30"]
[Round "10.17"]
[White "Batsiashvili, Nino"]
[Black "Sieber, Fiona"]
[Result "1-0"]
[WhiteElo "2466"]
[BlackElo "2280"]
[EventDate "2022.08.20"]
[PlyCount "123"]

1.d4 Nf6 2.c4 g6 3.Nc3 d5 4.cxd5 Nxd5 5.e4 Nxc3 6.bxc3 Bg7 7.Be3 c5 8.Bc4 
Nc6 9.Ne2 O-O 10.O-O Bg4 11.f3 Bd7 12.dxc5 Qc7 13.Qc2 Ne5 14.Bb3 Bb5 15.
Rfd1 Rfd8 16.Rd4 Rd7 17.Rxd7 Qxd7 18.Rd1 Qc7 19.c4 Be8 20.Nc3 e6 21.Nb5 
Qe7 22.Nd6 Bc6 23.Ba4 g5 24.Bxc6 Nxc6 25.Qd2 Bf6 26.Rf1 Rd8 27.f4 gxf4 28.
Rxf4 Be5 29.Rg4+ Kh8 30.Bh6 Rg8 31.Rxg8+ Kxg8 32.Qg5+ Qxg5 33.Bxg5 f6 34.
Be3 Nd8 35.Kf2 a6 36.h4 Kf8 37.g4 Ke7 38.g5 Kd7 39.gxf6 Bxf6 40.Kg3 b6 41.
Bg5 Bxg5 42.hxg5 e5 43.Kg4 bxc5 44.Nf5 Nf7 45.Kh5 Ke6 46.a3 Nd8 47.Ng7+ 
Ke7 48.a4 Nf7 49.Kg4 a5 50.Kh4 Kd7 51.Nh5 Ke6 52.Nf6 h6 53.Nh7 Nd6 54.gxh6
Nxc4 55.Kh5 Nd6 56.Kg6 Nf7 57.Kg7 c4 58.Nf8+ Ke7 59.Ng6+ Ke6 60.h7 c3 61.
Nxe5 c2 62.Nd3 1-0

[Event "22nd EUR-ch (w)"]
[Site "Prague CZE"]
[Date "2022.08.30"]
[Round "10.18"]
[White "Antolak, Julia"]
[Black "Gueci, Tea"]
[Result "1/2-1/2"]
[WhiteElo "2378"]
[BlackElo "2254"]
[EventDate "2022.08.20"]
[PlyCount "55"]

1.e4 c5 2.Nf3 Nc6 3.d4 cxd4 4.Nxd4 Nf6 5.Nc3 e5 6.Nde2 Bc5 7.Ng3 d6 8.Be2 
Be6 9.O-O h6 10.Na4 Bb4 11.a3 Ba5 12.b4 Bc7 13.c4 b5 14.cxb5 Nd4 15.Nb2 d5
16.Be3 dxe4 17.Bc4 Bg4 18.Qb1 O-O 19.h3 Bd7 20.a4 Qe7 21.Nd1 Bd6 22.Nc3 
Rac8 23.Nd5 Nxd5 24.Bxd5 Be6 25.Bxe6 Qxe6 26.Nxe4 Rc4 27.Nxd6 Qxd6 28.Bxd4
1/2-1/2

[Event "22nd EUR-ch (w)"]
[Site "Prague CZE"]
[Date "2022.08.30"]
[Round "10.19"]
[White "Zhukova, Natalia"]
[Black "Krasteva, Beloslava"]
[Result "1/2-1/2"]
[WhiteElo "2335"]
[BlackElo "2269"]
[EventDate "2022.08.20"]
[PlyCount "60"]

1.c4 e5 2.g3 c5 3.Bg2 Nc6 4.Nc3 g6 5.a3 Nge7 6.Ne4 Nf5 7.Nf3 d6 8.b4 cxb4 
9.axb4 Nxb4 10.g4 Ng7 11.d4 f5 12.gxf5 gxf5 13.Qa4+ Nc6 14.d5 fxe4 15.dxc6
exf3 16.cxb7+ Bd7 17.bxa8=Q Qxa8 18.Bxf3 e4 19.Qxa7 Qxa7 20.Rxa7 exf3 21.
Bb2 h5 22.Rg1 Rh7 23.Rg3 fxe2 24.Rf3 Ne6 25.Ra8+ Ke7 26.Bf6+ Kf7 27.Bb2+ 
Kg8 28.Rg3+ Kf7 29.Rf3+ Kg8 30.Rg3+ Kf7 1/2-1/2

[Event "22nd EUR-ch (w)"]
[Site "Prague CZE"]
[Date "2022.08.30"]
[Round "10.20"]
[White "Heinemann, Josefine"]
[Black "Eric, Jovana"]
[Result "1-0"]
[WhiteElo "2321"]
[BlackElo "2244"]
[EventDate "2022.08.20"]
[PlyCount "127"]

1.e4 c5 2.Nf3 d6 3.Bb5+ Nd7 4.O-O a6 5.Bd3 Ngf6 6.c3 b5 7.a4 Bb7 8.axb5 
axb5 9.Rxa8 Qxa8 10.Bxb5 Bxe4 11.d4 Bc6 12.c4 Bxf3 13.Qxf3 Qxf3 14.gxf3 
cxd4 15.Bg5 h6 16.Bxf6 gxf6 17.Nd2 Kd8 18.Ra1 Ne5 19.f4 Ng6 20.Nb3 d3 21.
Ra7 Nxf4 22.Na5 Ne2+ 23.Kf1 Nd4 24.Nc6+ Nxc6 25.Bxc6 Rg8 26.b4 Rg4 27.b5 
Rxc4 28.Ke1 Bg7 29.Kd2 f5 30.Rd7+ Kc8 31.Rxe7 Be5 32.Kxd3 Rb4 33.h3 Rb3+ 
34.Kc4 Rxh3 35.Rxf7 Rc3+ 36.Kd5 Kb8 37.Ke6 f4 38.f3 h5 39.Rb7+ Kc8 40.Rh7 
h4 41.Bd5 Re3 42.b6 h3 43.b7+ Kb8 44.Rxh3 Bc3+ 45.Kxd6 Re8 46.Rh2 Rd8+ 47.
Kc6 Bd4 48.Ra2 Ba7 49.Ra4 Rf8 50.Kd7 Rf5 51.Ke6 Rf8 52.Ke5 Bc5 53.Ra8+ Kc7
54.Rxf8 Bxf8 55.Kxf4 Bd6+ 56.Kg5 Kd7 57.f4 Ke7 58.f5 Be5 59.Kg6 Kf8 60.f6 
Ke8 61.Kf5 Bb8 62.Ke6 Bf4 63.f7+ Kf8 64.Kd7 1-0

[Event "22nd EUR-ch (w)"]
[Site "Prague CZE"]
[Date "2022.08.30"]
[Round "10.21"]
[White "Rakhmangulova, Anastasiya"]
[Black "Lazarne Vajda, Szidonia"]
[Result "0-1"]
[WhiteElo "2244"]
[BlackElo "2313"]
[EventDate "2022.08.20"]
[PlyCount "100"]

1.e4 e5 2.Nf3 Nc6 3.Bb5 a6 4.Ba4 Nf6 5.Nc3 d6 6.d4 exd4 7.Nxd4 Bd7 8.Nxc6 
Bxc6 9.Bxc6+ bxc6 10.Qe2 Be7 11.f4 O-O 12.b3 d5 13.e5 Bb4 14.Bd2 Bxc3 15.
Bxc3 Ne4 16.Qf3 Qe7 17.O-O-O Qa3+ 18.Kb1 Nxc3+ 19.Qxc3 a5 20.Qxc6 a4 21.
Qc3 axb3 22.axb3 Ra5 23.Qb2 Qe7 24.Kc1 Rfa8 25.Qd4 g6 26.Kd2 c5 27.Qc3 Ra2
28.Ke2 d4 29.Qd3 Qb7 30.Kf2 c4 31.bxc4 R8a3 32.Qxd4 Rxc2+ 33.Rd2 Rxd2+ 34.
Qxd2 Qa7+ 35.Ke2 Ra2 36.Rd1 Rxd2+ 37.Rxd2 Qg1 38.Kd3 Qxh2 39.Ke4 Qg1 40.
Kd5 Qb6 41.Ra2 Kf8 42.g3 h5 43.Ra3 Qb7+ 44.Kd4 Ke7 45.Rd3 Ke6 46.Kc5 Kf5 
47.Kd6 Qe4 48.Rd5 Qxc4 49.e6+ Qxd5+ 50.Kxd5 fxe6+ 0-1

[Event "22nd EUR-ch (w)"]
[Site "Prague CZE"]
[Date "2022.08.30"]
[Round "10.22"]
[White "Hajiyeva, Laman"]
[Black "Gaal, Zsoka"]
[Result "1-0"]
[WhiteElo "2042"]
[BlackElo "2313"]
[EventDate "2022.08.20"]
[PlyCount "43"]

1.e4 e5 2.Nf3 Nf6 3.d4 Nxe4 4.Bd3 d5 5.Nxe5 Nd7 6.Nc3 Nxc3 7.bxc3 Bd6 8.
O-O O-O 9.Re1 Nxe5 10.dxe5 Be7 11.Qh5 g6 12.Qh6 c5 13.e6 c4 14.Bf5 Qe8 15.
Re3 fxe6 16.Bxg6 hxg6 17.Rh3 Kf7 18.Qh7+ Kf6 19.Bg5+ Ke5 20.Bxe7 d4 21.
Qg7+ Kd5 22.Qxd4+ 1-0

[Event "22nd EUR-ch (w)"]
[Site "Prague CZE"]
[Date "2022.08.30"]
[Round "10.23"]
[White "Schulze, Lara"]
[Black "Calzetta Ruiz, Monica"]
[Result "1/2-1/2"]
[WhiteElo "2297"]
[BlackElo "2230"]
[EventDate "2022.08.20"]
[PlyCount "51"]

1.e4 c5 2.Nf3 g6 3.Bc4 Bg7 4.O-O d6 5.c3 Nf6 6.Re1 O-O 7.Bf1 Nc6 8.h3 e5 
9.d4 exd4 10.cxd4 cxd4 11.Nxd4 Nxd4 12.Qxd4 Re8 13.Qd3 d5 14.Nc3 Bf5 15.
Bg5 Bxe4 16.Qb5 h6 17.Bxf6 Bxf6 18.Qxb7 Rb8 19.Qxa7 Rxb2 20.Nxe4 dxe4 21.
Rad1 Rd2 22.Qa4 Re5 23.Rxd2 Qxd2 24.Rxe4 Rxe4 25.Qxe4 Qxa2 26.g3 1/2-1/2

[Event "22nd EUR-ch (w)"]
[Site "Prague CZE"]
[Date "2022.08.30"]
[Round "10.24"]
[White "Sliwicka, Alicja"]
[Black "Belenkaya, Dina"]
[Result "1-0"]
[WhiteElo "2260"]
[BlackElo "2293"]
[EventDate "2022.08.20"]
[PlyCount "77"]

1.e4 d5 2.exd5 Qxd5 3.Nc3 Qd8 4.d4 Nf6 5.Nf3 c6 6.Bc4 b5 7.Bb3 e6 8.O-O 
Be7 9.Ne5 O-O 10.Re1 a5 11.a3 Qb6 12.Be3 Qc7 13.Qf3 Bb7 14.Qh3 Nbd7 15.Bf4
Nxe5 16.Bxe5 Qd8 17.Rad1 b4 18.Na4 Nd5 19.Nc5 Bc8 20.c4 bxc3 21.bxc3 Bf6 
22.c4 Nb6 23.Bc2 g6 24.Qf3 Bxe5 25.dxe5 Qc7 26.Ne4 f5 27.exf6 Qe5 28.f7+ 
Kh8 29.Nd6 Qg7 30.Qxc6 Qb2 31.Qf3 Ra6 32.c5 Nd7 33.c6 Nb6 34.Nxc8 Nxc8 35.
Rd8 Kg7 36.Rxf8 Kxf8 37.Rd1 Nd6 38.Rxd6 Qb8 39.Rxe6 1-0